CALULUS ( DIFFERONTIAL& INTEGRAL) (Record no. 10086)
[ view plain ]
| 000 -LEADER | |
|---|---|
| fixed length control field | 00257nam a22001097a 4500 |
| 003 - CONTROL NUMBER IDENTIFIER | |
| control field | SGT |
| 100 ## - MAIN ENTRY--PERSONAL NAME | |
| Personal name | JAIN, M. L. |
| 245 ## - TITLE STATEMENT | |
| Title | CALULUS ( DIFFERONTIAL& INTEGRAL) |
| 260 ## - PUBLICATION, DISTRIBUTION, ETC. (IMPRINT) | |
| Place of publication, distribution, etc | NEW DELHI |
| Name of publisher, distributor, etc | JEEVANSONS PUBLICATION |
| Year of Publication | 2016 |
| 300 ## - PAGE DESCRIPTION | |
| No. of Pages | V.P. |
| 942 ## - ADDED ENTRY ELEMENTS (KOHA) | |
| Source of classification or shelving scheme | Dewey Decimal Classification |
| Koha item type | FPS Books |
| 942 ## - ADDED ENTRY ELEMENTS (KOHA) | |
| -- | 18 |
| Withdrawn status | Lost status | Source of classification or shelving scheme | Damaged status | Not for loan | Collection code | Home library | Current library | Shelving location | Date acquired | Vendor Name | Cost, normal purchase price | SGTU | Bill Number | Total Checkouts | Accession No. (Barcode) | Date last seen | Date last borrowed | Bill Date | Koha item type |
|---|---|---|---|---|---|---|---|---|---|---|---|---|---|---|---|---|---|---|---|
| Dewey Decimal Classification | SCIENCE | SGT Science & Social Sciences Library | SGT Science & Social Sciences Library | Text Book | 01/12/2016 | UNIVERSAL BOOK STALL | 240.00 | SGTU | 337 | 5 | PS2950 | 15/12/2021 | 01/12/2021 | 20/10/2016 | FPS Books | ||||
| Dewey Decimal Classification | SCIENCE | SGT Science & Social Sciences Library | SGT Science & Social Sciences Library | Text Book | 01/12/2016 | UNIVERSAL BOOK STALL | 240.00 | SGTU | 337 | 4 | PS2951 | 10/01/2025 | 28/12/2024 | 20/10/2016 | FPS Books | ||||
| Dewey Decimal Classification | SCIENCE | SGT Science & Social Sciences Library | SGT Science & Social Sciences Library | Text Book | 01/12/2016 | UNIVERSAL BOOK STALL | 240.00 | SGTU | 337 | 10 | PS2952 | 30/09/2023 | 26/09/2023 | 20/10/2016 | FPS Books | ||||
| Dewey Decimal Classification | SCIENCE | SGT Science & Social Sciences Library | SGT Science & Social Sciences Library | Text Book | 01/12/2016 | UNIVERSAL BOOK STALL | 240.00 | SGTU | 337 | 12 | PS2953 | 29/04/2025 | 21/04/2025 | 20/10/2016 | FPS Books | ||||
| Dewey Decimal Classification | SCIENCE | SGT Science & Social Sciences Library | SGT Science & Social Sciences Library | Text Book | 01/12/2016 | UNIVERSAL BOOK STALL | 240.00 | SGTU | 337 | 9 | PS2954 | 06/08/2025 | 06/08/2025 | 20/10/2016 | FPS Books | ||||
| Dewey Decimal Classification | SCIENCE | SGT Science & Social Sciences Library | SGT Science & Social Sciences Library | Text Book | 01/12/2016 | UNIVERSAL BOOK STALL | 240.00 | SGTU | 337 | 5 | PS2955 | 11/09/2018 | 24/08/2018 | 20/10/2016 | FPS Books | ||||
| Dewey Decimal Classification | SCIENCE | SGT Science & Social Sciences Library | SGT Science & Social Sciences Library | Text Book | 01/12/2016 | UNIVERSAL BOOK STALL | 240.00 | SGTU | 337 | 12 | PS2956 | 04/07/2025 | 02/07/2025 | 20/10/2016 | FPS Books | ||||
| Dewey Decimal Classification | SCIENCE | SGT Science & Social Sciences Library | SGT Science & Social Sciences Library | Text Book | 01/12/2016 | UNIVERSAL BOOK STALL | 240.00 | SGTU | 337 | 6 | PS2957 | 20/05/2019 | 15/05/2019 | 20/10/2016 | FPS Books |